the Reformation (Record no. 8977)

MARC details
000 -LEADER
fixed length control field 00498nam a2200169Ia 4500
003 - CONTROL NUMBER IDENTIFIER
control field IN-BaIIA
008 - FIXED-LENGTH DATA ELEMENTS--GENERAL INFORMATION
fixed length control field 211028s9999 xx 000 0 eng d
040 ## - CATALOGING SOURCE
Transcribing agency IIA Library
080 ## - UNIVERSAL DECIMAL CLASSIFICATION NUMBER
Universal Decimal Classification number 12:30.0
Item number SIM
100 ## - MAIN ENTRY--PERSONAL NAME
Personal name Simon, Edith
9 (RLIN) 15085
245 #4 - TITLE STATEMENT
Title the Reformation
Statement of responsibility, etc. Edith Simon
260 ## - PUBLICATION, DISTRIBUTION, ETC.
Place of publication, distribution, etc. Amsterdam, Time Life Books
Name of publisher, distributor, etc. Time-Life Books
Date of publication, distribution, etc. 1975
300 ## - PHYSICAL DESCRIPTION
Extent 191p.
650 ## - SUBJECT ADDED ENTRY--TOPICAL TERM
Topical term or geographic name entry element History of Civilization
9 (RLIN) 13602
650 ## - SUBJECT ADDED ENTRY--TOPICAL TERM
Topical term or geographic name entry element NASA thesaurus
942 ## - ADDED ENTRY ELEMENTS (KOHA)
Koha item type Books
Holdings
Withdrawn status Lost status Damaged status Not for loan Home library Current library Shelving location Date acquired Cost, normal purchase price Total Checkouts Full call number Barcode Date last seen Cost, replacement price Price effective from Koha item type Purchase Price
        IIA Library-Bangalore IIA Library-Bangalore General Stacks 17/02/1987 200.00   03:930.5/ SIM 9864 05/11/2021 200.00 17/02/1987 Books Rs. 200.00

Powered by Koha